000 00833cam a22002533a 4500
001 7057
003 PGUSA
005 20140828083140.0
008 041201s2004||||xxu|||||s|||||000 1 eng d
040 _aPGUSA
_beng
042 _adc
050 4 _aPS
100 1 _aHawthorne, Julian,
_d1846-1934
245 1 0 _aDavid Poindexter's Disappearance, and Other Tales
_h[electronic resource] /
_cJulian Hawthorne
260 _bProject Gutenberg,
_c2004
505 0 _aDavid Poindexter's disappearance -- Ken's mystery -- "When half-gods go, the gods arrive" -- "Set not thy foot on graves" -- My friend Paton.
506 _aPublic domain in the USA.
516 _aElectronic text
653 _aFiction
653 _aShort stories
830 0 _aProject Gutenberg
_v7057
856 4 0 _uhttp://www.gutenberg.org/ebooks/7057
942 _cEB
999 _c236377
_d236377